| 000 | 00592nam a2200205Ia 4500 | ||
|---|---|---|---|
| 005 | 20260429112025.0 | ||
| 008 | 260429s9999||||xx |||||||||||||| ||und|| | ||
| 020 | _a9781035341412 | ||
| 041 | _aEnglish | ||
| 082 |
_a346.022 _bGRA |
||
| 100 | _aGraziano, Thomas Kadner | ||
| 245 | 0 |
_aComparative contract law : _bexercises in comparative methodology / _cThomas Kadner Graziano |
|
| 250 | _a4th ed. | ||
| 260 |
_aUnited Kingdom : _bEdward Elgar Publishing, _c2025. |
||
| 300 | _axliii, 742 p.; hb | ||
| 650 | _a Contract law | ||
| 650 | _a Private law | ||
| 650 | _aLaw | ||
| 942 | _cTB | ||
| 999 |
_c51950 _d51950 |
||